01875 a2200205 45000010006000000050017000060080041000230030015000640400040000790800033001192450029001520200022001812640036002033000019002395051257002580410008015151000018015237000029015418560099015705308520260407155804.0260407a1994 arg spa dAR-UNSa-BCEJYS aAR-UNSa-BCEJYSbspacAR-UNSa-BCEJYS a330.101.541xMacroeconomía10aCurso de macroeconomía a978-84-85855-73-5 1aBarcelona :bAntoni Boschc1994 a586 p.c23 cm. a1. Macroeconomía:Conceptos e instrumentos - 2. Magnitudes macroeconómicas básicas - 3. Introducción y supuestos del modelo - 4.Un modelo sencillo de determinación del nivel de renta - 5. La demanda de consumo - 6. La demanda de inversión - 7. El equilibrio en el mercado de bienes:La curva IS - 8. La demanda de dinero - 9. El sistema monetario y la oferta de dinero - 10. El equilibrio en los mercados financieros:La curva LM - 11. El modelo IS-LM:El equilibrio del nivel de renta,la política monetaria y la política fiscal - 12. Introducción del nivel de precios en el modeo IS-LM:La curva de demanda agregada - 13. El mercado del trabajo y la oferta agregada en un modelo Keynesiano - 14. El modelo Keynesiano completo.El papel de la política económica - 15. El modelo clásico - 16. La inflación:Causas y efectos - 17. La relación entre inflación y desempleo - 18. Nueva Macroeconomía Clásica y nueva Macroeconomía Keynesiana - 19. La balanza de pagos y los mercados de cambios - 20 La determinación del nivel de renta en una economía abierta - 21. El ajuste de la balanza de pagos - 22. La política monetaria y la política fiscal en una economía abierta - 23. La oferta agregada y la economía abierta aspa1 aBajo, Óscar1 aMonés, María Antonia41uhttps://www.biblioeco.unsa.edu.ar/pmb/images/libros/L128401.jpgyImagen de portadaqimage/jpeg